000 00587nam a2200193Ia 4500
005 20230317111752.0
008 131103s9999 xx 000 0 und d
040 _aLoreto College
041 _aEnglish
082 _a891.44
_bSEN
100 _aSen, Khitimohon
245 _aBharatiya madhyayuger sadhanar dhara
_cKhitimohon Sen; introduction by Rabindranath Tagore
260 _aCalcutta
_bLekhak-Samabay-Samiti
_c1965
300 _a139p
650 _aBengali Literature - History and Criticism, medival period
700 _aTagore, Rabindranath
850 _aLCLIB
942 _cBK
999 _c20481
_d70960